| 000 | 01040nam a2200265 a 4500 | ||
|---|---|---|---|
| 005 | 20090620145140.0 | ||
| 008 | 080222s2008 nyu b 001 0 eng | ||
| 010 | _aENG-94157 | ||
| 020 |
_a9788120337695 _c295.00 |
||
| 035 | _aEN-77690 | ||
| 037 | _bDBAD / PUB | ||
| 040 |
_adpl _bEnglish |
||
| 082 | _a320.6 | ||
| 100 | _aGerston, Larry N. | ||
| 245 |
_aPublic policymaking in a democratic society : _ba guide to civic engagement / _cby Larry N. Gerston ; foreword by Thomas Ehrlich |
||
| 250 | _a2nd ed. | ||
| 260 |
_aNew Delhi _bPHI Learning _c2009 |
||
| 270 |
_aM-97 Connaught Circus _bNew Delhi _e110001 |
||
| 300 |
_axix, 218 p. _c24cm(pbk) |
||
| 504 | _aIncludes bibliographical references and index. | ||
| 650 | _aPolicy sciences. | ||
| 650 |
_aPolitical planning _xCitizen participation. |
||
| 942 |
_2ddc _cEN _h320.6 _mGER |
||
| 999 |
_c27702 _d27702 |
||